Pope : poetical works / (Record no. 77179)
[ view plain ]
| 000 -LEADER | |
|---|---|
| fixed length control field | 00778nam a22002653 4500 |
| 001 - CONTROL NUMBER | |
| control field | 77179 |
| 003 - CONTROL NUMBER IDENTIFIER | |
| rucl marc code | BD-RjUL |
| 005 - DATE AND TIME OF LATEST TRANSACTION | |
| control field | 20211209082934.0 |
| 008 - FIXED-LENGTH DATA ELEMENTS--GENERAL INFORMATION | |
| fixed length control field | 200301s1966 enk 000 0 |
| 035 ## - SYSTEM CONTROL NUMBER | |
| System control number | (BD-RjUL)77403 |
| 040 ## - CATALOGING SOURCE | |
| Original cataloging agency | BD-RjUL |
| Language of cataloging | eng |
| Transcribing agency | BD-RjUL |
| Modifying agency | BD-RjUL |
| 041 ## - LANGUAGE CODE | |
| Language code of text/sound track or separate title | eng |
| 082 00 - DEWEY DECIMAL CLASSIFICATION NUMBER | |
| Classification number | 821.5 |
| Author mark and year | POP 1966 |
| Edition number | 23 |
| 100 1# - MAIN ENTRY--PERSONAL NAME | |
| Personal name | Pope, Alexander |
| 9 (RLIN) | 55318 |
| 245 14 - TITLE STATEMENT | |
| Title | Pope : poetical works / |
| Remainder of title | Edited by Herbert Davis |
| 260 ## - PUBLICATION, DISTRIBUTION, ETC. (IMPRINT) | |
| Place of publication, distribution, etc. | London : |
| Name of publisher, distributor, etc. | Oxford Univesity press, |
| Date of publication, distribution, etc. | 1966 |
| 300 ## - PHYSICAL DESCRIPTION | |
| Pagination | 754 p. ; |
| Size | 23 cm |
| 500 ## - GENERAL NOTE | |
| General note | Includes Index |
| 600 ## - SUBJECT ADDED ENTRY--PERSONAL NAME | |
| Personal name | Pope, Alexander, |
| Dates associated with a name | 1688-1744 |
| Fuller form of name | Criticism and interpretation. |
| 651 ## - SUBJECT ADDED ENTRY--GEOGRAPHIC NAME | |
| Form subdivision | English poetry |
| 9 (RLIN) | 240137 |
| 690 00 - LOCAL SUBJECT ADDED ENTRY--TOPICAL TERM (OCLC, RLIN) | |
| Topical term or geographic name as entry element | Poetry |
| 700 ## - ADDED ENTRY--PERSONAL NAME | |
| Personal name | Davis, Herbert |
| 752 ## - ADDED ENTRY--HIERARCHICAL PLACE NAME | |
| Country or larger entity | England |
| City | London |
| 942 ## - ADDED ENTRY ELEMENTS (KOHA) | |
| Source of classification or shelving scheme | Dewey Decimal Classification |
| Koha item type | Books |
| Lost status | Source of classification or shelving scheme | Damaged status | Not for loan | Collection code | Permanent Location | Current Location | Shelving location | Date acquired | Source of acquisition | Cost, normal purchase price | Total Checkouts | Full call number | Date last seen | Copy number | Koha item type |
|---|---|---|---|---|---|---|---|---|---|---|---|---|---|---|---|
| Dewey Decimal Classification | Non-fiction | Central Library, University of Rajshahi | Central Library, University of Rajshahi | 15/06/1968 | Swets & Zeitlinger | 35.00 | 821.5 POP 1966 | 01/03/2020 | C-2 | Books |